[Event "January Lviv Tradition (IM-group)"]
[Site "Lviv, UKR"]
[Date "2015.01.27"]
[Round "1.1"]
[White "Sabuk, Piotr"]
[Black "Shkuran, Daniil"]
[Result "1/2-1/2"]
[WhiteElo "2347"]
[BlackElo "2386"]
[PlyCount "121"]
[EventDate "2015.01.27"]

1. d4 Nf6 2. c4 g6 3. Nc3 Bg7 4. e4 d6 5. Nf3 O-O 6. h3 e5 7. d5 Nh5 8. g3 Qe8
9. Be2 f5 10. exf5 gxf5 11. Nh4 Nf6 12. Qc2 Na6 13. Be3 f4 14. gxf4 exf4 15.
Bd4 Nb4 16. Qd2 c5 17. dxc6 Nxc6 18. Rg1 Kh8 19. O-O-O Nxd4 20. Qxd4 Ng4 21.
Qxd6 Be5 22. Qc5 b6 23. Qd5 Nxf2 24. Rde1 Bxh3 25. Bf3 Rd8 26. Rxe5 Nd3+ 27.
Qxd3 Rxd3 28. Rxe8 Rxe8 29. Bd5 Rde3 30. Nf3 Be6 31. Nd4 Bxd5 32. cxd5 f3 33.
Kd2 b5 34. Ndxb5 f2 35. Rf1 Rf3 36. Nxa7 h5 37. Nc6 Rf6 38. Nd1 Rf5 39. Nb4
Ref8 40. Nd3 Rxd5 41. Rxf2 Rfd8 42. Rf3 h4 43. N1f2 Rg8 44. Ke3 Rg1 45. Nf4
Re1+ 46. Ne2 Re5+ 47. Ne4 Rxe4+ 48. Kxe4 Rxe2+ 49. Kf5 Rxb2 50. a3 Kg7 51. Kg4
Ra2 52. Kxh4 Kg6 53. Kg4 Ra1 54. Kg3 Ra2 55. Kh4 Ra1 56. Kg4 Ra2 57. Kf4 Kf6
58. Ke4+ Ke6 59. Kd4 Kd6 60. Re3 Kc6 61. Kc4 $11 1/2-1/2

[Event "January Lviv Tradition (IM-group)"]
[Site "Lviv, UKR"]
[Date "2015.01.27"]
[Round "1.2"]
[White "Koziol, Kamil"]
[Black "Buksa, Nataliya"]
[Result "0-1"]
[WhiteElo "2043"]
[BlackElo "2127"]
[PlyCount "144"]
[EventDate "2015.01.27"]

1. d4 Nf6 2. c4 g6 3. g3 c6 4. Bg2 d5 5. cxd5 cxd5 6. Nc3 Nc6 7. a3 Bg7 8. e3
O-O 9. Nge2 e6 10. O-O Na5 11. Nf4 b6 12. Re1 Ba6 13. b3 Qd7 14. Bb2 Rac8 15.
Rc1 Rc7 16. Na4 Rfc8 17. Rxc7 Qxc7 18. Bc3 Nb7 19. Bb2 Na5 20. Bc3 Bf8 21. b4
Nc4 22. Qb3 Bb5 23. Rc1 Qc6 24. Nb2 Nxb2 25. Qxb2 Bc4 26. h4 h5 27. Bd2 Qd7 28.
Bf3 Bd6 29. Qb1 Kg7 30. Nd3 Bxd3 31. Qxd3 Rxc1+ 32. Bxc1 Qc7 33. Qd2 Bxg3 34.
fxg3 Qxg3+ 35. Qg2 Qe1+ 36. Qf1 Qxh4 37. Bd2 Qg5+ 38. Qg2 Qf5 39. Bc1 g5 40.
Bd1 g4 41. Bc2 Qg5 42. Bd2 g3 43. e4 Qg4 44. Be1 h4 45. exd5 Qxd4+ 46. Kh1 Qe5
47. Bd2 Ng4 48. Qf3 Nf2+ 49. Kg1 Qa1+ 50. Bd1 Qxd1+ 51. Qxd1 Nxd1 52. d6 Kf8
53. Bg5 Ke8 54. Bxh4 Kd7 55. Bxg3 Nc3 56. Be1 Nb5 57. a4 Nxd6 58. Kf2 Kc6 59.
Ke3 Kd5 60. Kd3 f5 61. Bf2 e5 62. a5 bxa5 63. bxa5 a6 64. Bh4 f4 65. Bd8 e4+
66. Ke2 Nb5 67. Bg5 Nd4+ 68. Kf1 Ke5 69. Bd8 e3 70. Bc7+ Ke4 71. Bb6 Nc2 72.
Bd8 f3 0-1

[Event "January Lviv Tradition (IM-group)"]
[Site "Lviv, UKR"]
[Date "2015.01.27"]
[Round "1.3"]
[White "Lornye, Pylyp"]
[Black "Walter, Szymon"]
[Result "1-0"]
[WhiteElo "2223"]
[BlackElo "2141"]
[PlyCount "121"]
[EventDate "2015.01.27"]

1. Nf3 d5 2. g3 Nc6 3. Bg2 e5 4. d3 Nf6 5. O-O Be7 6. Nbd2 O-O 7. e4 Re8 8. c3
a5 9. Re1 dxe4 10. dxe4 Bc5 11. Qe2 b6 12. Nc4 Ba6 13. a4 Qe7 14. b3 b5 15.
axb5 Bxb5 16. Bh3 Nd7 17. Nh4 Nb6 18. Nf5 Qf6 19. Be3 Bxe3 20. Nfxe3 Rad8 21.
Red1 a4 22. bxa4 Ba6 23. Rxd8 Rxd8 24. a5 Nxc4 25. Nxc4 Qe7 26. Qa2 Qc5 27. Ne3
Qxc3 28. Nd5 Qc5 29. Qa3 Qa7 30. Rc1 Nd4 31. Qe7 Qb8 32. Bg4 c6 33. Ne3 Rf8 34.
Kg2 Bd3 35. Bf3 Nxf3 36. Kxf3 Qb2 37. Re1 f5 38. Qe6+ Kh8 39. Nxf5 Qc3 40. Re3
Bxe4+ 41. Kxe4 Qc2+ 42. Kxe5 g6 43. Nd4 Qxf2 44. Re2 Qf1 45. Qxc6 Qf7 46. Kd6
Rd8+ 47. Kc5 Qf8+ 48. Kb5 Rb8+ 49. Qb6 Qd8 50. Kc5 Rxb6 51. axb6 Qg5+ 52. Kc4
Qc1+ 53. Rc2 Qh1 54. Kc5 Qf1 55. Rc4 Qb1 56. Rb4 Qc1+ 57. Kb5 Qf1+ 58. Ka5 Qa1+
59. Ra4 Qc3+ 60. Ka6 Qc8+ 61. b7 1-0

[Event "January Lviv Tradition (IM-group)"]
[Site "Lviv, UKR"]
[Date "2015.01.27"]
[Round "1.4"]
[White "Terletsky, Oleg"]
[Black "Osmak, Iulija"]
[Result "1-0"]
[WhiteElo "2241"]
[BlackElo "2419"]
[PlyCount "59"]
[EventDate "2015.01.27"]

1. e4 e6 2. d4 d5 3. Nd2 Nd7 4. Ngf3 Ne7 5. Bd3 g6 6. O-O Bg7 7. e5 c5 8. c3
O-O 9. b4 cxd4 10. cxd4 Qb6 11. a4 Nc6 12. a5 Qd8 13. Ba3 Re8 14. Nb3 f6 15.
exf6 Bxf6 16. Re1 e5 17. b5 Nxd4 18. Nbxd4 exd4 19. Rxe8+ Qxe8 20. Qb3 Qf7 21.
Re1 b6 22. Qc2 Nf8 23. Ne5 Qg7 24. Nc6 Be6 25. Bxf8 Rxf8 26. Rxe6 bxa5 27. Nxa5
Qd7 28. Qc6 Qxc6 29. Nxc6 Kf7 30. Rd6 1-0

[Event "January Lviv Tradition (IM-group)"]
[Site "Lviv, UKR"]
[Date "2015.01.27"]
[Round "1.5"]
[White "Strebkovs, Andrejs"]
[Black "Golubka, Petr"]
[Result "1/2-1/2"]
[WhiteElo "2335"]
[BlackElo "2399"]
[PlyCount "41"]
[EventDate "2015.01.27"]

1. d4 Nf6 2. Nf3 e6 3. c4 b6 4. g3 Ba6 5. b3 d5 6. Bg2 Bb4+ 7. Bd2 Be7 8. cxd5
exd5 9. O-O O-O 10. Nc3 Re8 11. a3 Ne4 12. Ne5 Nxc3 13. Bxc3 c6 14. Re1 Bb7 15.
e4 Na6 16. exd5 cxd5 17. Qf3 Bf6 18. Ng4 Be7 19. Ne5 Bf6 20. Ng4 Be7 21. Ne3
$11 1/2-1/2

[Event "January Lviv Tradition (IM-group)"]
[Site "Lviv, UKR"]
[Date "2015.01.28"]
[Round "2.1"]
[White "Shkuran, Daniil"]
[Black "Golubka, Petr"]
[Result "1/2-1/2"]
[WhiteElo "2386"]
[BlackElo "2399"]
[PlyCount "37"]
[EventDate "2015.01.27"]

1. e4 c5 2. Nf3 d6 3. c3 Nf6 4. Bd3 Nc6 5. h3 g6 6. O-O Bg7 7. Bc2 O-O 8. Re1
e5 9. d4 exd4 10. cxd4 d5 11. exd5 Nxd4 12. Nxd4 cxd4 13. Qxd4 Qxd5 14. Qh4 Qh5
15. Qxh5 Nxh5 16. Nc3 Be6 17. Be4 Rab8 18. Be3 b6 19. Rac1 $11 1/2-1/2

[Event "January Lviv Tradition (IM-group)"]
[Site "Lviv, UKR"]
[Date "2015.01.28"]
[Round "2.2"]
[White "Osmak, Iulija"]
[Black "Strebkovs, Andrejs"]
[Result "1-0"]
[WhiteElo "2419"]
[BlackElo "2335"]
[PlyCount "77"]
[EventDate "2015.01.27"]

1. e4 d5 2. exd5 Qxd5 3. Nc3 Qd6 4. d4 Nf6 5. Nf3 c6 6. g3 Bf5 7. Bg2 e6 8. Nh4
Bg4 9. f3 Bh5 10. g4 Bg6 11. O-O Be7 12. f4 Nd5 13. Nxg6 Nxc3 14. bxc3 hxg6 15.
Rb1 Qc7 16. c4 Nd7 17. Qf3 O-O 18. c5 Nf6 19. g5 Nh5 20. Qb3 Rab8 21. Qa4 a6
22. Be3 Rfc8 23. c4 Bd8 24. d5 cxd5 25. cxd5 exd5 26. Bxd5 Be7 27. Rbc1 Rf8 28.
Qb3 Kh7 29. Bxf7 Bd8 30. f5 Qxf7 31. fxg6+ Qxg6 32. Rxf8 Nf6 33. Bf4 Bc7 34.
Rxf6 gxf6 35. Qh3+ Kg8 36. Bxc7 Re8 37. Qg2 Re4 38. gxf6 Rg4 39. Bg3 1-0

[Event "January Lviv Tradition (IM-group)"]
[Site "Lviv, UKR"]
[Date "2015.01.28"]
[Round "2.3"]
[White "Walter, Szymon"]
[Black "Terletsky, Oleg"]
[Result "0-1"]
[WhiteElo "2141"]
[BlackElo "2241"]
[PlyCount "90"]
[EventDate "2015.01.27"]

1. e4 e5 2. Nf3 Nc6 3. Bb5 a6 4. Ba4 Nf6 5. O-O b5 6. Bb3 Be7 7. Re1 O-O 8. c3
d6 9. d4 Bb7 10. Nbd2 h6 11. Nf1 Re8 12. Ng3 Bf8 13. a4 Qd7 14. dxe5 Nxe5 15.
Nxe5 dxe5 16. Qe2 c5 17. Rd1 Qc6 18. Qf3 c4 19. Bc2 Rad8 20. axb5 Rxd1+ 21.
Qxd1 axb5 22. Be3 g6 23. h3 h5 24. Bg5 Nh7 25. Qd2 f5 26. Bh6 Be7 27. f4 h4 28.
Nf1 fxe4 29. Re1 Bc5+ 30. Kh2 exf4 31. Bxf4 Qf6 32. Be3 Bd6+ 33. Kg1 Be5 34.
Qd7 Bc6 35. Qg4 Bd6 36. Re2 g5 37. Bd4 Qg6 38. Nd2 Nf6 39. Bxf6 Qxf6 40. Nxe4
Bxe4 41. Rxe4 Rf8 42. Qe6+ Qxe6 43. Rxe6 Bc5+ 44. Kh2 Rf1 45. Rg6+ Kf7 0-1

[Event "January Lviv Tradition (IM-group)"]
[Site "Lviv, UKR"]
[Date "2015.01.28"]
[Round "2.4"]
[White "Buksa, Nataliya"]
[Black "Lornye, Pylyp"]
[Result "1/2-1/2"]
[WhiteElo "2127"]
[BlackElo "2223"]
[PlyCount "60"]
[EventDate "2015.01.27"]

1. e4 d6 2. d4 Nf6 3. Nc3 g6 4. Be3 Bg7 5. f3 c6 6. Qd2 b5 7. a4 b4 8. Nd1 a5
9. Nf2 Nbd7 10. Bd3 e5 11. c3 O-O 12. Ne2 c5 13. O-O Ba6 14. Bxa6 Rxa6 15. Rfd1
Qb8 16. dxc5 Nxc5 17. Bxc5 dxc5 18. c4 Rc8 19. Nc1 Ne8 20. Nb3 Bf8 21. Ng4 h5
22. Ne3 Ng7 23. Nd5 Ne6 24. Nf6+ Kg7 25. Nd7 Qc7 26. Nxf8 Kxf8 27. Qe2 Nd4 28.
Nxd4 cxd4 29. b3 Qc5 30. Rd3 Kg7 1/2-1/2

[Event "January Lviv Tradition (IM-group)"]
[Site "Lviv, UKR"]
[Date "2015.01.28"]
[Round "2.5"]
[White "Sabuk, Piotr"]
[Black "Koziol, Kamil"]
[Result "1/2-1/2"]
[WhiteElo "2347"]
[BlackElo "2043"]
[PlyCount "67"]
[EventDate "2015.01.27"]

1. Nf3 d5 2. c4 d4 3. e3 Nc6 4. exd4 Nxd4 5. Nxd4 Qxd4 6. Nc3 c6 7. d3 Nh6 8.
h3 Nf5 9. g4 Nh4 10. Be3 Qf6 11. f4 h5 12. Qe2 e5 13. f5 Bb4 14. Bd2 g6 15. a3
Bxc3 16. Bxc3 gxf5 17. O-O-O Ng6 18. gxh5 Qg5+ 19. Rd2 Qxh5 20. Bxe5 Qxe2 21.
Rxe2 Nxe5 22. Rxe5+ Be6 23. h4 Ke7 24. Kd2 Kf6 25. d4 Rad8 26. Kc3 Rhg8 27. Re3
Rg4 28. Rd3 f4 29. Be2 Rg2 30. Bf3 Rf2 31. Be4 Re2 32. Bf3 Rf2 33. Be4 Re2 34.
Bf3 1/2-1/2

[Event "January Lviv Tradition (IM-group)"]
[Site "Lviv, UKR"]
[Date "2015.01.28"]
[Round "3.1"]
[White "Koziol, Kamil"]
[Black "Shkuran, Daniil"]
[Result "0-1"]
[WhiteElo "2043"]
[BlackElo "2386"]
[PlyCount "92"]
[EventDate "2015.01.27"]

1. e4 c5 2. Nf3 e6 3. d3 Nc6 4. g3 d5 5. Qe2 Nf6 6. Bg2 Be7 7. O-O O-O 8. e5
Ne8 9. c4 Nc7 10. h4 f6 11. Bf4 f5 12. Na3 Rb8 13. b3 b5 14. Rfd1 Ba6 15. Rac1
Qe8 16. Be3 bxc4 17. bxc4 d4 18. Bg5 Bxg5 19. Nxg5 Nb4 20. Rd2 Qa4 21. Nb1 Nc6
22. Re1 Rb6 23. Rdd1 h6 24. Nh3 Ne7 25. Nf4 Rfb8 26. g4 Rb2 27. Nd2 Qa5 28.
gxf5 Nxf5 29. Bh3 Nxh4 30. Qg4 Rxd2 31. Qxh4 Rxd1 32. Rxd1 Qa4 33. Qg4 Qe8 34.
Kh2 Qf7 35. Rg1 Rb2 36. Qg3 g5 37. Bf1 Kf8 38. Nh3 Bb7 39. Bg2 Bxg2 40. Qxg2
Qf5 41. Qg3 Rd2 42. Rb1 Rxd3 43. Rb8+ Ke7 44. Qg2 g4 45. Rb7 Kd7 46. Ng1 Qh5+
0-1

[Event "January Lviv Tradition (IM-group)"]
[Site "Lviv, UKR"]
[Date "2015.01.28"]
[Round "3.2"]
[White "Lornye, Pylyp"]
[Black "Sabuk, Piotr"]
[Result "0-1"]
[WhiteElo "2223"]
[BlackElo "2347"]
[PlyCount "130"]
[EventDate "2015.01.27"]

1. Nf3 c5 2. g3 Nc6 3. Bg2 g6 4. O-O Bg7 5. d3 d5 6. c3 e5 7. Nbd2 Nge7 8. e4
O-O 9. exd5 Nxd5 10. Qb3 Re8 11. Ne4 Na5 12. Qa4 b6 13. Nd6 Rf8 14. Nxc8 Rxc8
15. Re1 Nc6 16. Bg5 Qd7 17. Rad1 h6 18. Bc1 Rfd8 19. Qc2 b5 20. h4 b4 21. Nd2
h5 22. Ne4 Na5 23. c4 Ne7 24. Bg5 Re8 25. Nf6+ Bxf6 26. Bxf6 Nec6 27. Qd2 Qd6
28. Bg5 Nd4 29. f4 Nac6 30. Qf2 Kg7 31. fxe5 Nxe5 32. Rf1 f5 33. Bf4 Qd7 34.
Rfe1 Ng4 35. Qd2 Rcd8 36. Rxe8 Rxe8 37. Re1 Ne6 38. Be5+ Nxe5 39. Rxe5 Qd4+ 40.
Qe3 Qxe3+ 41. Rxe3 Kf6 42. Bd5 Nc7 43. Rxe8 Nxe8 44. Kf2 Nc7 45. Bc6 Ne6 46.
Ke3 Ke5 47. Be8 Kf6 48. Bd7 Nd4 49. Be8 a6 50. Ba4 Ke7 51. Bd1 Kf6 52. Ba4 g5
53. Be8 f4+ 54. gxf4 Nf5+ 55. Kf2 gxf4 56. Kf3 Ke5 57. Bxh5 Nxh4+ 58. Kg4 Nf5
59. Be8 Ne3+ 60. Kf3 Nd1 61. b3 Nc3 62. Bc6 Nxa2 63. Bb7 a5 64. d4+ Kxd4 65.
Kxf4 Nc1 0-1

[Event "January Lviv Tradition (IM-group)"]
[Site "Lviv, UKR"]
[Date "2015.01.28"]
[Round "3.3"]
[White "Terletsky, Oleg"]
[Black "Buksa, Nataliya"]
[Result "1/2-1/2"]
[WhiteElo "2241"]
[BlackElo "2127"]
[PlyCount "35"]
[EventDate "2015.01.27"]

1. e4 c5 2. Nf3 d6 3. Bb5+ Bd7 4. Bxd7+ Qxd7 5. O-O Nc6 6. c3 Nf6 7. Qe2 e6 8.
d4 cxd4 9. cxd4 d5 10. e5 Ne4 11. Nbd2 Nxd2 12. Bxd2 Bb4 13. Rac1 Bxd2 14. Qxd2
O-O 15. Rc3 Rac8 16. Rfc1 Ne7 17. Qd3 h6 18. g3 $11 1/2-1/2

[Event "January Lviv Tradition (IM-group)"]
[Site "Lviv, UKR"]
[Date "2015.01.28"]
[Round "3.4"]
[White "Strebkovs, Andrejs"]
[Black "Walter, Szymon"]
[Result "1/2-1/2"]
[WhiteElo "2335"]
[BlackElo "2141"]
[PlyCount "49"]
[EventDate "2015.01.27"]

1. Nf3 Nf6 2. g3 d5 3. Bg2 e6 4. c4 dxc4 5. Qa4+ c6 6. Qxc4 b5 7. Qc2 Bb7 8.
O-O Be7 9. d3 c5 10. a4 a6 11. axb5 axb5 12. Rxa8 Bxa8 13. Nc3 Qb6 14. Be3 Ng4
15. Bf4 Nd7 16. h3 Ngf6 17. Ra1 O-O 18. Nd2 Bxg2 19. Kxg2 Nd5 20. Nxd5 exd5 21.
Nf3 Bf6 22. Bd2 Re8 23. e3 g6 24. Kh2 Qb7 25. Re1 1/2-1/2

[Event "January Lviv Tradition (IM-group)"]
[Site "Lviv, UKR"]
[Date "2015.01.28"]
[Round "3.5"]
[White "Golubka, Petr"]
[Black "Osmak, Iulija"]
[Result "1/2-1/2"]
[WhiteElo "2399"]
[BlackElo "2419"]
[PlyCount "48"]
[EventDate "2015.01.27"]

1. e4 e6 2. Qe2 c5 3. g3 Nc6 4. Bg2 Nge7 5. Nf3 g6 6. O-O Bg7 7. Nc3 d6 8. d3
O-O 9. Nh4 Qa5 10. Bd2 b5 11. Nd5 Qd8 12. Nxe7+ Qxe7 13. c3 Rb8 14. a3 a5 15.
f4 Bd7 16. Nf3 a4 17. e5 Na5 18. Rad1 Bc6 19. d4 Bd5 20. exd6 Qxd6 21. dxc5
Qxc5+ 22. Be3 Qc7 23. Qf2 Bb3 24. Rc1 Bc4 $11 1/2-1/2

[Event "January Lviv Tradition (IM-group)"]
[Site "Lviv, UKR"]
[Date "2015.01.29"]
[Round "4.1"]
[White "Shkuran, Daniil"]
[Black "Osmak, Iulija"]
[Result "1-0"]
[WhiteElo "2386"]
[BlackElo "2419"]
[PlyCount "119"]
[EventDate "2015.01.27"]

1. Nf3 d5 2. g3 Nf6 3. Bg2 c6 4. O-O Bf5 5. d3 h6 6. Nbd2 e6 7. c4 Bc5 8. b4
Bxb4 9. cxd5 exd5 10. Rb1 Na6 11. Qa4 Bxd2 12. Nxd2 O-O 13. Ba3 Re8 14. Rxb7
Rxe2 15. Rd1 Qe8 16. Bf1 Ng4 17. Qxa6 Nxf2 18. Re7 Rxe7 19. Kxf2 Re6 20. Qa4
Qd8 21. Nf3 Qb6+ 22. Qd4 Rb8 23. Rd2 Rf6 24. Bc5 Qa5 25. Rc2 Rb1 26. Be2 Bh3
27. Qc3 Qc7 28. Bd4 Rg6 29. Rc1 Rxc1 30. Qxc1 Qa5 31. Qb2 Bg4 32. Qb8+ Kh7 33.
Qxa7 Qb4 34. Qb6 Qa4 35. Qb3 Qa5 36. Bb6 Qa8 37. a4 Rf6 38. Bd4 Re6 39. Ng5+
hxg5 40. Bxg4 Rh6 41. Kg1 Qa5 42. Bc3 Qa7+ 43. d4 Qe7 44. Qb1+ Kg8 45. Qe1 Qd8
46. a5 c5 47. dxc5 d4 48. Qd1 d3 49. Bf5 Qd5 50. Qxd3 Qxc5+ 51. Kg2 Rd6 52. Qe4
Rd8 53. Bb4 Qc1 54. a6 g4 55. Bxg4 Qa1 56. Be2 Qa4 57. Bd3 Rxd3 58. Qxd3 Qxb4
59. Qd8+ Kh7 60. Qh4+ 1-0

[Event "January Lviv Tradition (IM-group)"]
[Site "Lviv, UKR"]
[Date "2015.01.29"]
[Round "4.2"]
[White "Walter, Szymon"]
[Black "Golubka, Petr"]
[Result "1/2-1/2"]
[WhiteElo "2141"]
[BlackElo "2399"]
[PlyCount "83"]
[EventDate "2015.01.27"]

1. e4 e5 2. Nf3 Nc6 3. Bb5 a6 4. Ba4 d6 5. O-O b5 6. Bb3 Na5 7. d4 exd4 8. Qxd4
Nxb3 9. axb3 Bb7 10. Bg5 f6 11. Be3 d5 12. exd5 Qxd5 13. Nc3 Qxd4 14. Nxd4 Kf7
15. Bf4 Bc5 16. Rad1 Ne7 17. Bxc7 Rac8 18. Ba5 Rhe8 19. b4 Ba7 20. Rfe1 Bxd4
21. Rxd4 Bc6 22. Red1 Nf5 23. R4d3 Re6 24. Nd5 Bxd5 25. Rxd5 Ne7 26. R5d2 Nc6
27. c3 Nxa5 28. bxa5 Rc4 $11 29. f3 b4 30. cxb4 Rxb4 31. Rd7+ Kg6 32. R7d6 Re2
33. R6d2 Rxd2 34. Rxd2 Rb5 35. b4 Rxb4 36. Rd6 Ra4 37. Rxa6 Ra2 38. Ra7 h5 39.
a6 Kh7 40. Ra8 Kg6 41. Kf1 Kf7 42. a7 $11 1/2-1/2

[Event "January Lviv Tradition (IM-group)"]
[Site "Lviv, UKR"]
[Date "2015.01.29"]
[Round "4.3"]
[White "Buksa, Nataliya"]
[Black "Strebkovs, Andrejs"]
[Result "0-1"]
[WhiteElo "2127"]
[BlackElo "2335"]
[PlyCount "108"]
[EventDate "2015.01.27"]

1. e4 d5 2. exd5 Qxd5 3. Nc3 Qd6 4. d4 Nf6 5. Nf3 g6 6. Nb5 Qd8 7. Bf4 Na6 8.
c4 c6 9. Nc3 Bg7 10. Be2 O-O 11. Qb3 Qb6 12. Qxb6 axb6 13. O-O Bf5 14. a3 Nb8
15. Rfe1 c5 16. Bf1 e6 17. Nb5 Nc6 18. dxc5 bxc5 19. Bd6 Rfc8 20. Bxc5 Na5 21.
Bb4 Nxc4 22. Bxc4 Rxc4 23. Nd6 Rc7 24. Rec1 Rxc1+ 25. Rxc1 Nd5 26. Nxf5 gxf5
27. Bd6 Bxb2 28. Rb1 Rc8 29. g3 Rc2 30. Ne1 Rd2 31. Nf3 Re2 32. Rd1 Nc3 33. Rd3
Ne4 34. Bb4 Bf6 35. Nd2 Nxf2 36. Rd7 Ne4 37. Nxe4 fxe4 38. Kf1 Rxh2 39. Rxb7 e3
40. a4 Be5 41. a5 Ra2 42. Rb5 f6 43. Be1 Bd4 44. Rb4 e5 45. Rb1 f5 46. Kg1 Kf7
47. Rb7+ Ke6 48. Rxh7 Ra1 49. Kf1 Bc3 50. a6 Rxe1+ 51. Kg2 Ra1 52. Kf3 Bd4 53.
Ke2 e4 54. Rh5 Ra2+ 0-1

[Event "January Lviv Tradition (IM-group)"]
[Site "Lviv, UKR"]
[Date "2015.01.29"]
[Round "4.4"]
[White "Sabuk, Piotr"]
[Black "Terletsky, Oleg"]
[Result "1/2-1/2"]
[WhiteElo "2347"]
[BlackElo "2241"]
[PlyCount "58"]
[EventDate "2015.01.27"]

1. e4 e5 2. Nf3 Nc6 3. Bb5 a6 4. Ba4 Nf6 5. O-O b5 6. Bb3 Be7 7. Re1 O-O 8. c3
d6 9. h3 Bb7 10. d4 Re8 11. Nbd2 Bf8 12. a4 h6 13. Bc2 exd4 14. cxd4 Nb4 15.
Bb1 c5 16. d5 Nd7 17. Ra3 c4 18. Nd4 Qf6 19. N2f3 Nc5 20. axb5 axb5 21. Nxb5
Rxa3 22. Nxa3 Ba6 23. Re3 Rb8 24. e5 dxe5 25. Nxe5 Ncd3 26. Bxd3 Nxd3 27. Rxd3
cxd3 28. Nd7 Qd8 29. Nxb8 Qxb8 $11 1/2-1/2

[Event "January Lviv Tradition (IM-group)"]
[Site "Lviv, UKR"]
[Date "2015.01.29"]
[Round "4.5"]
[White "Koziol, Kamil"]
[Black "Lornye, Pylyp"]
[Result "1-0"]
[WhiteElo "2043"]
[BlackElo "2223"]
[PlyCount "77"]
[EventDate "2015.01.27"]

1. e4 d6 2. d4 Nf6 3. Nc3 g6 4. f4 Bg7 5. Nf3 O-O 6. Bd3 Nc6 7. e5 dxe5 8. fxe5
Ng4 9. Ne2 Nb4 10. Bc4 c5 11. c3 Nd5 12. dxc5 Nde3 13. Qxd8 Nxg2+ 14. Kf1 N2e3+
15. Bxe3 Nxe3+ 16. Kf2 Ng4+ 17. Kg3 Rxd8 18. e6 f5 19. Rad1 Rf8 20. Rd3 Nf6 21.
b4 Ne4+ 22. Kg2 g5 23. h4 g4 24. Ng5 Nxg5 25. hxg5 f4 26. Kf2 Be5 27. Rh4 f3
28. Ng3 Bxg3+ 29. Kxg3 f2 30. Rd1 f1=Q 31. Rxf1 Rxf1 32. Bxf1 Bxe6 33. Bd3 a5
34. Bxh7+ Kg7 35. Be4 axb4 36. Rh7+ Kg8 37. Rxe7 Bc8 38. g6 Ra6 39. Bd5+ 1-0

[Event "January Lviv Tradition (IM-group)"]
[Site "Lviv, UKR"]
[Date "2015.01.29"]
[Round "5.1"]
[White "Lornye, Pylyp"]
[Black "Shkuran, Daniil"]
[Result "1/2-1/2"]
[WhiteElo "2223"]
[BlackElo "2386"]
[PlyCount "30"]
[EventDate "2015.01.27"]

1. Nf3 d5 2. g3 Nf6 3. Bg2 c6 4. O-O Bf5 5. d3 e6 6. Nbd2 Be7 7. Qe1 h6 8. e4
Bh7 9. e5 Nfd7 10. Nd4 Qb6 11. N4b3 c5 12. Kh1 Nc6 13. f4 Rc8 14. Nf3 a5 15. a4
O-O $11 1/2-1/2

[Event "January Lviv Tradition (IM-group)"]
[Site "Lviv, UKR"]
[Date "2015.01.29"]
[Round "5.2"]
[White "Terletsky, Oleg"]
[Black "Koziol, Kamil"]
[Result "1/2-1/2"]
[WhiteElo "2241"]
[BlackElo "2043"]
[PlyCount "64"]
[EventDate "2015.01.27"]

1. e4 e5 2. Nc3 Nf6 3. g3 Nc6 4. Bg2 a6 5. Nf3 g6 6. O-O Bg7 7. d4 exd4 8. Nxd4
Nxd4 9. Qxd4 d6 10. Bg5 h6 11. Be3 O-O 12. Qd2 Kh7 13. h3 Bd7 14. f4 Qe7 15.
Rae1 Rae8 16. Kh2 Bc6 17. Bd4 Nh5 18. Bxg7 Nxg7 19. e5 Bxg2 20. Qxg2 dxe5 21.
fxe5 c6 22. Ne4 Nh5 23. Nd6 Rd8 24. g4 Ng7 25. Qg3 f6 26. c4 fxe5 27. c5 Rxf1
28. Rxf1 Rf8 29. Rxf8 Qxf8 30. Qxe5 Qf2+ 31. Kh1 Nf5 32. gxf5 Qf1+ 1/2-1/2

[Event "January Lviv Tradition (IM-group)"]
[Site "Lviv, UKR"]
[Date "2015.01.29"]
[Round "5.3"]
[White "Strebkovs, Andrejs"]
[Black "Sabuk, Piotr"]
[Result "1-0"]
[WhiteElo "2335"]
[BlackElo "2347"]
[PlyCount "207"]
[EventDate "2015.01.27"]

1. d4 e6 2. g3 c5 3. Nf3 Nc6 4. c4 cxd4 5. Nxd4 Nxd4 6. Qxd4 Ne7 7. Bg2 Nc6 8.
Qd2 Bb4 9. Nc3 Qa5 10. O-O O-O 11. a3 Bxc3 12. bxc3 b6 13. a4 Ba6 14. Ba3 Rfd8
15. Bb4 Qf5 16. Bd6 Rac8 17. e4 Qh5 18. f4 Na5 19. Be7 Bxc4 20. Bxd8 Rxd8 21.
Rf2 Nb3 22. Qd1 Qa5 23. Ra3 Nc5 24. Qd6 Rc8 25. f5 Nd3 26. Rf1 Ne5 27. Rd1 Qc5+
28. Qxc5 Rxc5 29. fxe6 fxe6 30. h3 Bd3 31. Kf2 Kf8 32. Rda1 Ke7 33. Rb3 Bc2 34.
Rba3 Ra5 35. R3a2 Bb3 36. Ra3 Bc2 37. R3a2 Bd3 38. Ke3 Bc4 39. Ra3 Ba6 40. R3a2
Rc5 41. Rc2 Nc4+ 42. Kf2 Rc8 43. Kg1 Bb7 44. Rcc1 Rc5 45. Re1 Bc6 46. Ra2 Ne5
47. Ra3 Kd8 48. Rd1 Nc4 49. Ra2 Ne3 50. Rc1 Kc7 51. Bf3 a5 52. Kf2 Nc4 53. Re1
Ne5 54. Re3 Rc4 55. Bd1 Rxe4 56. Bc2 Rxe3 57. Kxe3 Bd5 58. Ra1 h6 59. Kd4 Kd6
60. Rf1 Nc4 61. Rf8 e5+ 62. Kd3 Be6 63. Ke2 Ke7 64. Rc8 d5 65. Rc7+ Kf6 66. Bb3
Nd6 67. Rc6 Ke7 68. Rxb6 Ne4 69. Ra6 Nxg3+ 70. Ke1 Ne4 71. Rxa5 Nxc3 72. Ra7+
Kd6 73. a5 Bxh3 74. Rxg7 Bc8 75. a6 Kc6 76. a7 Bb7 77. Rg8 Kb6 78. a8=Q Bxa8
79. Rxa8 Kc5 80. Kd2 Kd4 81. Rb8 Ne4+ 82. Kc2 Nd6 83. Rd8 Kc5 84. Ra8 Nb5 85.
Rc8+ Kd4 86. Rh8 e4 87. Rxh6 Nc3 88. Rh4 Ne2 89. Kd2 Nc3 90. Rh3 Nb5 91. Ba4
Nd6 92. Bd7 Nc4+ 93. Ke2 Ne5 94. Bb5 Ng6 95. Rh6 Nf4+ 96. Kf2 Ke5 97. Rh8 d4
98. Re8+ Kd5 99. Ba6 Nh3+ 100. Kg3 Ng5 101. Kg4 Ne6 102. Bb7+ Ke5 103. Bc8 d3
104. Bxe6 1-0

[Event "January Lviv Tradition (IM-group)"]
[Site "Lviv, UKR"]
[Date "2015.01.29"]
[Round "5.4"]
[White "Golubka, Petr"]
[Black "Buksa, Nataliya"]
[Result "1/2-1/2"]
[WhiteElo "2399"]
[BlackElo "2127"]
[PlyCount "67"]
[EventDate "2015.01.27"]

1. c4 Nf6 2. Nc3 d5 3. cxd5 Nxd5 4. Nf3 Nxc3 5. bxc3 g6 6. h4 Bg7 7. h5 c5 8.
d4 Bg4 9. h6 Bf6 10. Bg5 Nd7 11. Bxf6 exf6 12. e3 O-O 13. Qd2 cxd4 14. cxd4 Rc8
15. Be2 Nb6 16. O-O Qd5 17. a4 Qh5 18. a5 Nd5 19. Rab1 Nc3 20. Rxb7 Qxa5 21.
Re1 Nxe2+ 22. Qxe2 Bxf3 23. gxf3 Qg5+ 24. Kf1 Qxh6 25. Qd3 Qh5 26. Qe4 $11 Rfe8
27. Qd3 Qxf3 28. Rxa7 h5 29. Qb3 Rf8 30. Ra5 Rfd8 31. Ra7 Rf8 32. Ra5 Rfd8 33.
Ra7 Rf8 34. Ra5 $11 1/2-1/2

[Event "January Lviv Tradition (IM-group)"]
[Site "Lviv, UKR"]
[Date "2015.01.29"]
[Round "5.5"]
[White "Osmak, Iulija"]
[Black "Walter, Szymon"]
[Result "1-0"]
[WhiteElo "2419"]
[BlackElo "2141"]
[PlyCount "77"]
[EventDate "2015.01.27"]

1. e4 c5 2. c3 g6 3. d4 cxd4 4. cxd4 d5 5. e5 Bg7 6. Nc3 Nc6 7. Bb5 f6 8. Nf3
Nh6 9. exf6 exf6 10. Qe2+ Kf8 11. O-O Nf5 12. Rd1 h5 13. b3 Nce7 14. Re1 a6 15.
Bd3 Kf7 16. Ba3 b5 17. Bc5 Rb8 18. b4 Re8 19. a4 Bd7 20. axb5 axb5 21. Nxb5 Nc8
22. Qf1 Rxe1 23. Rxe1 g5 24. Qe2 g4 25. Nd2 Bh6 26. Nc3 Nb6 27. Nf1 Bg5 28. Qc2
Qc8 29. Ng3 Nxg3 30. Re7+ Kg8 31. Bh7+ Kh8 32. hxg3 f5 33. Rf7 Qe8 34. Bg6 Qe1+
35. Kh2 h4 36. Bxf5 hxg3+ 37. fxg3 Bf4 38. Ne2 Kg8 39. Bh7+ 1-0